Simulador de sistemas empotrados basado en una interfaz web
Guardado en:
| Autor principal: | |
|---|---|
| Otros Autores: | |
| Formato: | Libro |
| Publicado: |
[San José, Costa Rica]
2010
|
| Materias: | |
| Etiquetas: |
Agregar Etiqueta
Sin Etiquetas, Sea el primero en etiquetar este registro!
|
MARC
| LEADER | 00000nam a2200000Ia 4500 | ||
|---|---|---|---|
| 003 | 010462 | ||
| 005 | 20240405091649.0 | ||
| 008 | 140114s2010 cr a 000 ||s d | ||
| 040 | |c cru CEDI | ||
| 090 | |a TFG 6345 | ||
| 100 | |a Portocarrero Porras, Ronald, 1987- |9 2901 | ||
| 245 | |a Simulador de sistemas empotrados basado en una interfaz web | ||
| 260 | |a [San José, Costa Rica] |c 2010 | ||
| 500 | |a Proyecto de graduación (bachillerato de ingeniería eléctrica)--Universidad de Costa Rica. Facultad de Ingeniería. Escuela de Ingeniería Eléctrica | ||
| 501 | |a Profesor Guía de IE-0502 Proyecto Eléctrico: Ph.D. Lucky Lochi Yu Lo | ||
| 650 | |x SIMULACION POR COMPUTADORA |x INTERFASES CON EL USUARIO (SISTEMA PARA COMPUTADORA) |x PROGRAMAS PARA COMPUTADORA |9 2627 | ||
| 700 | |a Lochi Yu Lo, Lucky, |d Director de Proyecto Eléctrico |9 828 | ||
| 942 | |c TFG |h TFG 6345 |i 010462 |6 TFG_6345_010462000000000 | ||
| 999 | |c 15860 |d 15860 | ||
